Catálogo

Vista normal Vista MARC

Entrada Personal Name

Número de registros utilizados en: 2

001 - CONTROL NUMBER

  • control field: 17782

003 - CONTROL NUMBER IDENTIFIER

  • control field: DLC

005 - DATE AND TIME OF LATEST TRANSACTION

  • control field: 20251219122741.0

008 - FIXED-LENGTH DATA ELEMENTS

  • fixed length control field: 800810n| azannaab |n aaa

010 ## - LIBRARY OF CONGRESS CONTROL NUMBER

  • LC control number: n 80084482

040 ## - CATALOGING SOURCE

  • Original cataloging agency: DLC
  • Language of cataloging: spa
  • Description conventions: rda
  • Transcribing agency: Mx-PuUPA
  • Modifying agency: DLC
  • Modifying agency: Mx-PuUPA

100 10 - HEADING--PERSONAL NAME

  • Personal name: Werther, William B.,

374 ## - OCCUPATION

  • Occupation: Autor

375 ## - GENDER

  • Gender: hombre

377 ## - ASSOCIATED LANGUAGE

  • Language code: eng

670 ## - SOURCE DATA FOUND

  • Source citation: His Labor relations in the health professions, c1976.

670 ## - SOURCE DATA FOUND

  • Source citation: His Human resources and personnel management, 1993:
  • Information found: CIP t.p. (William B. Werther, Jr.; Dept. of Mgmt., Sch. of Business Adm., Univ. of Miami) data sheet (b. 4-11-47)

670 ## - SOURCE DATA FOUND

  • Source citation: Information from 678 converted Dec. 18, 2014
  • Information found: (Ph.D.)